000
00328pab a2200145 454500
008
180718b2001 xxu||||| |||| 00| 0 eng d
100
_a
Haragopal, G.
245
_a
Human rights in the 21st century
260
_c
2001
300
_a
p.13-14
362
_a
22 Jul
650
_a
Human rights
773
_a
Janata
909
_a
49287
999
_c
49287
_d
49287